PJO & HOO quiz - Statistics

General Stats
  • This quiz has been taken 162 times
  • The average score is 8 of 15
Answer Stats
Hint Answer % Correct
annabeths mom athena
98%
percys dad Poseidon
94%
grovers "dad" pan
85%
leos girlfriend calypso
78%
rachel _____ dare elizabeth
78%
nicos step mom persephone
77%
pipers power charmspeak
73%
jasons sister thalia grace
56%
head apollo counselor will solace
49%
hazels horse arion
47%
franks related to neptune
22%
RARA Reyna Avila Ramírez-Arellano
22%
traitor Silena Beauregard
17%
atlas daughters calypso and zoe nightshade
5%
luke castellan died to the cursed blade
5%
No matching quizzes found
Score Distribution
Percent of People with Each Score
Percentile by Number Answered
Your Score History
You have not taken this quiz